10 Najpopularniejszych krajów odwiedzanych przez turystów - Statystyki

Ogólne statystyki
  • Ten quiz został rozwiązany 2 075 razy
  • Średni wynik to 8 z 10
Statystyki odpowiedzi
Miejsce Odpowiedź % Poprawnych
#1 Francja
92%
#2 Hiszpania
92%
#3 Stany Zjednoczone
92%
#5 Włochy
87%
#7 Niemcy
83%
#4 Chiny
82%
#6 Wielka Brytania
75%
#9 Turcja
68%
#10 Meksyk
60%
#8 Ukraina
25%
Nie znaleziono quizów pasujących do podanych kryteriów
Rozkład punktacji
Procent ludzi z każdym wynikiem
Percentyl według liczby udzielonych odpowiedzi
Twoja historia wyników
Nie rozwiązałeś tego quizu